Score 0/20 Timer 04:00
4 Plays Today
% Correct
My mama always said life was like napalm in the morning
95.4%
Houston, we have failure to communicate
95.3%
E.T. phone 'hello'
94.9%
Here's Shirley!
94%
You're gonna need a corner
93.2%
You can't handle the money
92.8%
May the Force be here
92.6%
I have always depended on the kindness of dead people
92.5%
Say 'hello' to my little dog too
92.4%
I'm as mad as hell, and I don't give a damn
91.9%
% Correct
Fasten your seatbelts. It's going to be a beautiful friendship
90.9%
Take your stinking paws off me, kid
90.8%
All right, Mr. DeMille, I'm ready for what she's having
89.4%
There's no crying in Paris
88.9%
I'm the king of banks
87.9%
Forget it, Jake, it's the War Room
85.2%
You don't understand! I coulda had class. I coulda been Mister Tibbs!
83.9%
As God is my witness, I'll never be sorry
82.7%
Well, nobody's the luckiest man on the face of the earth
76.9%
Greed, for lack of a better word, is small
76.2%

You're not logged in!

Compare scores with friends on all Sporcle quizzes.
OR
Log In

Sporcle TV

Today on Sporcle TV


Watch our educational content, quiz creation guides, and fun videos on Sporcle TV.

Show Comments

Extras

Top Quizzes Today


Score Distribution

Your Account Isn't Verified!

In order to create a playlist on Sporcle, you need to verify the email address you used during registration. Go to your Sporcle Settings to finish the process.

Report this User

Report this user for behavior that violates our Community Guidelines.

Details: